00404 2200157 4500001002100000008004100021035002000062245004100082100002100123260002500144300002200169020002100191084001400212082000800226990001200234INLIS000000000002765 IND  a0010-0925000112 aAnak Titipan SurgacEidelweis Almira aEidelweis Almira aJakartabZettuc2014 a180c(13 x 19 cm) a978-602-19990-04 a813 EID c a813 a0754987